German masculine nouns in -en - Statistics

General Stats
  • This quiz has been taken 8 times
  • The average score is 14 of 21
Answer Stats
English German % Correct
Consul Konsul
100%
Mast Mast
100%
Muscle Muskel
100%
Nerve Nerv
100%
Psalm Psalm
100%
State Staat
100%
Thorn Dorn
83%
Pain Schmerz
83%
Lake See
83%
Pastor Pastor
67%
Ray Strahl
67%
Bloke,Type Typ
67%
Parrot Papagei
50%
Peacock Pfau
50%
Subject(Of a monarch) Untertan
50%
Toe Zeh
50%
Laurel Lorbeer
33%
Slipper Pantoffel
33%
Spike,Prick Stachel
33%
Male cousin Vetter
33%
FinancialInterest Zins
33%
No matching quizzes found
Score Distribution
Percent of People with Each Score
Percentile by Number Answered
Your Score History
You have not taken this quiz